000 00537nam a22001817a 4500
005 20251108165852.0
008 250721s1999 xx 000 0 ara d
082 1 4 _a621.388/محم
100 1 _aمحمد، محمد
245 1 0 _aالتلفزة الرقمية و مستقبل التلفزة /
264 1 _aدمشق :
_bدار التقدم،
_c1999.
300 _a132ص
650 1 7 _aالهندسة الإلكترونية
650 1 7 _aالتلفزيون
650 1 7 _aالتكنولوجيا
942 _2ddc
_cBK
999 _c33418
_d33418